Statistics for Men's Tennis Rankings by Country 2016

Click here to take the quiz!

General Stats

  • This quiz has been taken 17 times
  • The average score is 17 of 28

Answer Stats

CountryNumber One% Correct
UKAndy Murray
100%
SerbiaNovak Djokovic
100%
SpainRafael Nadal
100%
SwitzerlandStanislas Wawrinka
100%
FranceGael Monfils
81%
BulgariaGrigor Dimitrov
81%
JapanKei Nishikori
81%
CanadaMilos Raonic
81%
Czech RepublicTomas Berdych
81%
USAJohn Isner
75%
GermanyAlexander Zverev
69%
BelgiumDavid Goffin
69%
AustriaDominic Thiem
69%
ArgentinaJuan Martin del Potro
69%
CroatiaMarin Cilic
69%
AustraliaNick Kyrgios
69%
South AfricaKevin Anderson
63%
CyprusMarcos Baghdatis
56%
LuxembourgGilles Muller
50%
UruguayPablo Cuevas
50%
UkraineAlexandr Dolgopolov
38%
NetherlandsRobin Haase
38%
PortugalJoao Sousa
31%
BrazilThomaz Bellucci
25%
KazakhstanMikhail Kukushkin
19%
ItalyPaolo Lorenzi
19%
RussiaAndrey Kuznetsov
13%
ColombiaSantiago Giraldo
6%

Score Distribution

Percentile by Number Answered

Percent of People with Each Score

Your Score History

You have not taken this quiz